00000000cam 2200000zi 4500
0019.955451
003CaOODSP
00520260603153338
006m     o  d f      
007cr |||||||||||
008250917t20252025onc     ob   f000 0 eng d
020 |a9780660790220
040 |aCaOODSP|beng|erda|cCaOODSP
043 |an-cn---
0861 |aBT48-58/2025E-PDF
24500|aGuideline on password security.
264 1|aOttawa, Ontario : |bTreasury Board of Canada Secretariat = Secrétariat du Conseil du trésor du Canada, |c2025.
264 4|c©2025
300 |a1 online resource (20 pages)
336 |atext|btxt|2rdacontent
337 |acomputer|bc|2rdamedia
338 |aonline resource|bcr|2rdacarrier
500 |aTitle from cover.
500 |aIssued also in French under title: Ligne directrice sur la sécurité des mots de passe.
500 |a"Published: 2025-10-20."
504 |aIncludes bibliographical references.
650 0|aComputers|xAccess control|xPasswords.
650 0|aComputer security|xGovernment policy|zCanada.
7101 |aCanada. |bTreasury Board, |eissuing body.
77508|tLigne directrice sur la sécurité des mots de passe.|w(CaOODSP)9.955452
85640|qPDF|s905 KB|uhttps://publications.gc.ca/collections/collection_2026/sct-tbs/BT48-58-2025-eng.pdf
8564 |qHTML|sN/A|uhttps://www.canada.ca/en/government/system/digital-government/online-security-privacy/identity-credential-access-management/password-guidance.html